[Event "Mittelrhein Verbandsliga-S 18/19"]
[Site "Nordrheinwestfalen"]
[Date "2018.12.16"]
[Round "5.7"]
[White "Hemmann, Clemens"]
[Black "Kessler, Ulrich"]
[Result "0-1"]
[WhiteElo "1770"]
[BlackElo "1895"]
[PlyCount "68"]
[EventDate "2018.09.02"]
[EventType "team-tourn"]
[EventRounds "11"]
[EventCountry "GER"]
[SourceTitle "EXT 2022"]
[Source "ChessBase"]
[SourceDate "2021.10.06"]
[SourceVersion "1"]
[SourceVersionDate "2021.10.06"]
[SourceQuality "1"]
[WhiteTeam "Rheinbacher SF"]
[BlackTeam "Troisdorf"]
[WhiteTeamCountry "GER"]
[BlackTeamCountry "GER"]

1. c4 f5 2. Nf3 Nf6 3. g3 g6 4. Bg2 Bg7 5. Nc3 0-0 6. 0-0 d6 7. d4 Qe8 8. Qb3 c6 9. Bf4 h6 10. h4 Ng4 11. d5 c5 12. Qc2 Na6 13. a3 Bd7 14. Nd2 Rb8 15. Rab1 g5 16. hxg5 Qh5 17. Nf3 Be5 18. e3 Bxf4 19. exf4 hxg5 20. Qd2 Rf7 21. Rfe1 gxf4 22. Qxf4 Rg7 23. Re2 Rf8 24. Rbe1 Rff7 25. Nd1 Nc7 26. b3 Ne8 27. Nb2 Nef6 28. Nh4 Qh7 29. Nd3 Nh5 30. Qd2 f4 31. gxf4 Nxf4 32. Nxf4 Qxh4 33. Ne6 Qh2+ 34. Kf1 Qh1+ 0-1

[Event "Mittelrhein Verbandsliga-S 18/19"]
[Site "Nordrheinwestfalen"]
[Date "2018.09.30"]
[Round "2.7"]
[White "Schaefer, Timo"]
[Black "Hemmann, Clemens"]
[Result "1-0"]
[WhiteElo "1932"]
[BlackElo "1770"]
[PlyCount "65"]
[EventDate "2018.09.02"]
[EventType "team-tourn"]
[EventRounds "11"]
[EventCountry "GER"]
[SourceTitle "EXT 2022"]
[Source "ChessBase"]
[SourceDate "2021.10.06"]
[SourceVersion "1"]
[SourceVersionDate "2021.10.06"]
[SourceQuality "1"]
[WhiteTeam "Godesberg II"]
[BlackTeam "Rheinbacher SF"]
[WhiteTeamCountry "GER"]
[BlackTeamCountry "GER"]

1. d4 Nf6 2. c4 e6 3. Nf3 Bb4+ 4. Nc3 Ne4 5. Qc2 f5 6. a3 Bxc3+ 7. bxc3 b6 8. g4 Bb7 9. Rg1 Qe7 10. gxf5 exf5 11. d5 c5 12. Bf4 Na6 13. Be5 Rg8 14. Bh3 Qf7 15. a4 g5 16. Nd2 Nxd2 17. Kxd2 g4 18. Bg2 Qg6 19. e3 d6 20. Bf4 Nb8 21. e4 fxe4 22. Bxe4 Qf6 23. Bg3 h5 24. f3 Nd7 25. Rae1 0-0-0 26. fxg4 Qh6+ 27. Kd1 hxg4 28. Bf5 Rde8 29. Re6 Rxe6 30. Bxe6 Rg6 31. Qf5 Rg7 32. Bxd6 Rg5 33. Bxd7+ 1-0

[Event "Mittelrhein Verbandsliga-S 17/18"]
[Site "Nordrheinwestfalen"]
[Date "2017.09.10"]
[Round "1.6"]
[White "Schlicht, Markus"]
[Black "Hemmann, Clemens"]
[Result "1-0"]
[WhiteElo "1889"]
[BlackElo "1777"]
[PlyCount "65"]
[EventDate "2017.09.10"]
[EventType "team-tourn"]
[EventRounds "11"]
[EventCountry "GER"]
[SourceTitle "EXT 2022"]
[Source "ChessBase"]
[SourceDate "2021.10.06"]
[SourceVersion "1"]
[SourceVersionDate "2021.10.06"]
[SourceQuality "1"]
[WhiteTeam "Bruehl II"]
[BlackTeam "Godesberg III"]
[WhiteTeamCountry "GER"]
[BlackTeamCountry "GER"]

1. d4 Nf6 2. c4 e6 3. Nc3 Bb4 4. f3 d5 5. a3 Bxc3+ 6. bxc3 0-0 7. e3 b6 8. cxd5 exd5 9. Bd3 Re8 10. Ne2 Ba6 11. Bxa6 Nxa6 12. Qd3 Nb8 13. 0-0 Nbd7 14. Bd2 c5 15. Rfe1 Rc8 16. Ng3 Qc7 17. Rac1 g6 18. e4 Nf8 19. Bg5 dxe4 20. fxe4 N6d7 21. e5 Ne6 22. Bh6 Rcd8 23. Qf3 Qb8 24. Rcd1 cxd4 25. cxd4 b5 26. Ne4 Qb6 27. Qf2 Re7 28. Be3 Qb7 29. Qh4 Ndf8 30. Nf6+ Kh8 31. d5 Ng7 32. Bc5 Nf5 33. Qh3 1-0

[Event "Mittelrhein Regionalliga 16/17"]
[Site "Nordrheinwestfalen"]
[Date "2017.01.29"]
[Round "7.8"]
[White "Hemmann, Clemens"]
[Black "Mertin, Jonas"]
[Result "0-1"]
[WhiteElo "1709"]
[BlackElo "1833"]
[PlyCount "92"]
[EventDate "2016.09.11"]
[EventType "team-tourn"]
[EventRounds "11"]
[EventCountry "GER"]
[SourceTitle "EXT 2022"]
[Source "ChessBase"]
[SourceDate "2021.10.06"]
[SourceVersion "1"]
[SourceVersionDate "2021.10.06"]
[SourceQuality "1"]
[WhiteTeam "Godesberg III"]
[BlackTeam "Aachen SV II"]
[WhiteTeamCountry "GER"]
[BlackTeamCountry "GER"]

1. c4 Nf6 2. Nf3 g6 3. g3 Bg7 4. Bg2 0-0 5. 0-0 d6 6. d4 Nc6 7. Nc3 a6 8. e4 Rb8 9. d5 Na5 10. Qd3 c5 11. a4 Nb3 12. Rb1 Nxc1 13. Rbxc1 Qa5 14. b3 Bd7 15. e5 Bf5 16. Qe2 Ng4 17. Ne4 Nxe5 18. Nh4 Bxe4 19. Qxe4 Rfe8 20. Bh3 Qc7 21. f4 Nd7 22. f5 g5 23. Ng2 Nf6 24. Qe2 b5 25. axb5 axb5 26. Ne3 bxc4 27. bxc4 h5 28. g4 h4 29. Nd1 Rb3 30. Bg2 Qa5 31. Nf2 Nd7 32. Ne4 Bd4+ 33. Kh1 Re3 34. Qc2 f6 35. Rb1 Ne5 36. h3 Qa3 37. Rfe1 Rxh3+ 38. Bxh3 Qxh3+ 39. Qh2 Qxh2+ 40. Kxh2 Nf3+ 41. Kg2 Nxe1+ 42. Rxe1 Rb8 43. Rc1 Rb2+ 44. Kf3 Rb3+ 45. Kg2 Re3 46. Nf2 Re2 0-1

[Event "Mittelrhein Regionalliga 16/17"]
[Site "Nordrheinwestfalen"]
[Date "2016.11.27"]
[Round "4.8"]
[White "Diesner, Michael"]
[Black "Hemmann, Clemens"]
[Result "1/2-1/2"]
[WhiteElo "2075"]
[BlackElo "1709"]
[PlyCount "71"]
[EventDate "2016.09.11"]
[EventType "team-tourn"]
[EventRounds "11"]
[EventCountry "GER"]
[SourceTitle "EXT 2022"]
[Source "ChessBase"]
[SourceDate "2021.10.06"]
[SourceVersion "1"]
[SourceVersionDate "2021.10.06"]
[SourceQuality "1"]
[WhiteTeam "Koeln Lasker"]
[BlackTeam "Godesberg III"]
[WhiteTeamCountry "GER"]
[BlackTeamCountry "GER"]

1. d4 Nf6 2. c4 e6 3. Nf3 Bb4+ 4. Bd2 Qe7 5. Nc3 Bxc3 6. Bxc3 Ne4 7. Rc1 b6 8. e3 Bb7 9. Be2 0-0 10. 0-0 Nxc3 11. Rxc3 d6 12. Qc2 c5 13. a3 Nc6 14. Rb1 a5 15. Rb3 Qc7 16. d5 exd5 17. Ng5 g6 18. cxd5 Ne7 19. e4 h6 20. Nf3 f5 21. Nd4 Bc8 22. Nb5 Qd8 23. Qd2 Kh7 24. f3 Ng8 25. Qf4 fxe4 26. Qxd6 Bf5 27. Rd1 Nf6 28. Qc7+ Qxc7 29. Nxc7 exf3 30. Rxf3 Ra7 31. Nb5 Rd7 32. d6 Rff7 33. Bc4 Bg4 34. Bxf7 Bxf3 35. Bxg6+ Kxg6 36. gxf3 1/2-1/2

[Event "Mittelrhein Verbandsliga Ost 1415"]
[Site "Mittelrhein"]
[Date "2015.02.01"]
[Round "7.8"]
[White "Hemmann, Clemens"]
[Black "Friedrich, Johannes"]
[Result "1-0"]
[WhiteElo "1695"]
[BlackElo "1410"]
[PlyCount "57"]
[EventDate "2014.09.07"]
[EventType "team-tourn"]
[EventRounds "11"]
[EventCountry "GER"]
[SourceTitle "EXT 2023"]
[Source "ChessBase"]
[SourceDate "2022.10.05"]
[SourceVersion "1"]
[SourceVersionDate "2022.10.05"]
[SourceQuality "1"]
[WhiteTeam "Godesberg IV"]
[BlackTeam "Niederkassel II"]
[WhiteTeamCountry "GER"]
[BlackTeamCountry "GER"]

1. c4 c5 2. Nc3 Nc6 3. g3 Nf6 4. Bg2 e6 5. e3 Be7 6. Nge2 a6 7. 0-0 0-0 8. d4 cxd4 9. exd4 Bb4 10. d5 Bxc3 11. Nxc3 Ne5 12. Qd4 Ng6 13. d6 h6 14. Be3 Rb8 15. Qa7 b5 16. Qxb8 bxc4 17. Bb6 Qe8 18. Rac1 Ne5 19. Ne4 Nxe4 20. Bxe4 f5 21. Bg2 f4 22. Bd4 Nc6 23. Bxc6 dxc6 24. f3 Qg6 25. Be5 fxg3 26. hxg3 Qg5 27. Rce1 Bd7 28. Qb6 Rf5 29. Qe3 1-0

[Event "Mittelrhein Verbandsliga Ost 1415"]
[Site "Mittelrhein"]
[Date "2014.12.07"]
[Round "5.8"]
[White "Hemmann, Clemens"]
[Black "Ipekyilmaz, Tayfun"]
[Result "1/2-1/2"]
[WhiteElo "1607"]
[BlackElo "1587"]
[PlyCount "105"]
[EventDate "2014.09.07"]
[EventType "team-tourn"]
[EventRounds "11"]
[EventCountry "GER"]
[SourceTitle "EXT 2023"]
[Source "ChessBase"]
[SourceDate "2022.10.05"]
[SourceVersion "1"]
[SourceVersionDate "2022.10.05"]
[SourceQuality "1"]
[WhiteTeam "Godesberg IV"]
[BlackTeam "Langenfeld II"]
[WhiteTeamCountry "GER"]
[BlackTeamCountry "GER"]

1. c4 Nf6 2. Nf3 g6 3. g3 c5 4. Bg2 Bg7 5. 0-0 Nc6 6. Nc3 0-0 7. d3 d5 8. cxd5 Nxd5 9. Bd2 Nc7 10. Na4 Qd6 11. Qc1 Ne6 12. Bh6 b5 13. Bxg7 Kxg7 14. Nc3 Rb8 15. Nd2 f5 16. Re1 Ne5 17. b3 a6 18. a4 b4 19. Nd1 Bb7 20. Ne3 Bxg2 21. Kxg2 f4 22. Nec4 Qd5+ 23. f3 Nd4 24. Qd1 fxg3 25. hxg3 Rf7 26. Nxe5 Qxe5 27. Nc4 Qg5 28. Qd2 Qxd2 29. Nxd2 Nc2 30. Rac1 Nxe1+ 31. Rxe1 Rd8 32. Ne4 Rf5 33. Rc1 Rc8 34. Rc4 h5 35. Kh3 Rd5 36. Rc2 g5 37. Rc4 Kg6 38. Rc2 a5 39. Rc4 Rd4 40. Rc2 Rd5 41. Rc4 Kf5 42. Rc2 Rd4 43. Rc1 g4+ 44. Kg2 gxf3+ 45. Kxf3 Rd5 46. Rh1 Rf8 47. Ke3 Kg6 48. Rc1 Re5 49. Rh1 Rff5 50. Rc1 Rg5 51. Kf3 Rgf5+ 52. Ke3 Rg5 53. Kf3 1/2-1/2

[Event "Bad Godesberg op 17th"]
[Site "Bad Godesberg"]
[Date "2013.08.09"]
[Round "7"]
[White "Glienke, Norbert"]
[Black "Hemmann, Clemens"]
[Result "1-0"]
[WhiteElo "1835"]
[BlackElo "1484"]
[PlyCount "93"]
[EventDate "2013.08.03"]
[EventType "swiss"]
[EventRounds "9"]
[EventCountry "GER"]
[SourceTitle "CBM 155 Extra"]
[Source "ChessBase"]
[SourceDate "2013.08.26"]
[SourceVersion "1"]
[SourceVersionDate "2013.08.26"]
[SourceQuality "1"]

1. e4 c6 2. d4 d5 3. Nc3 dxe4 4. Nxe4 Bf5 5. Ng3 Bg6 6. h4 h6 7. Nf3 Nd7 8. h5 Bh7 9. Bd3 Bxd3 10. Qxd3 Ngf6 11. Bf4 e6 12. 0-0-0 Be7 13. Ne4 0-0 14. Kb1 Nxe4 15. Qxe4 Nf6 16. Qe2 Qb6 17. Ne5 Nd5 18. Bd2 Rfd8 19. c4 Nf6 20. Bc3 c5 21. d5 exd5 22. Ng4 Nxg4 23. Qxg4 d4 24. Bd2 Qf6 25. Rh3 Kh8 26. Rf3 Qe6 27. Qxe6 fxe6 28. Rf7 Re8 29. Re1 Kg8 30. Rf3 Bd6 31. Re4 Re7 32. Rg4 Kh7 33. Rg6 Rd8 34. g4 Rdd7 35. g5 Rf7 36. Rxf7 Rxf7 37. gxh6 Bf8 38. hxg7 Bxg7 39. Rxe6 Rxf2 40. Kc2 Rh2 41. Re7 Rxh5 42. Rxb7 Kg6 43. Rxa7 Bf6 44. Rc7 Re5 45. a4 Bd8 46. Rc6+ Kf7 47. a5 1-0

[Event "Bad Godesberg op 17th"]
[Site "Bad Godesberg"]
[Date "2013.08.04"]
[Round "2"]
[White "Hemmann, Clemens"]
[Black "Mittmann, Johannes"]
[Result "0-1"]
[WhiteElo "1484"]
[BlackElo "2054"]
[PlyCount "102"]
[EventDate "2013.08.03"]
[EventType "swiss"]
[EventRounds "9"]
[EventCountry "GER"]
[SourceTitle "CBM 155 Extra"]
[Source "ChessBase"]
[SourceDate "2013.08.26"]
[SourceVersion "1"]
[SourceVersionDate "2013.08.26"]
[SourceQuality "1"]

1. c4 e5 2. Nc3 Nf6 3. g3 d5 4. cxd5 Nxd5 5. Bg2 Nb6 6. d3 Be7 7. Nf3 Nc6 8. 0-0 0-0 9. Bd2 Be6 10. Rb1 f6 11. a3 a5 12. Be3 Nd5 13. Nxd5 Bxd5 14. Nd2 Bxg2 15. Kxg2 f5 16. f3 a4 17. b4 Nd4 18. Re1 Nb5 19. Qc1 c6 20. Nc4 Bf6 21. Bb6 Qe8 22. Qc2 Qe6 23. Rbc1 Rfe8 24. e3 e4 25. fxe4 fxe4 26. d4 Nd6 27. Nxd6 Qxd6 28. Qc4+ Qe6 29. Qxe6+ Rxe6 30. Bc7 Re7 31. Bb6 Rd7 32. Rc3 Rf7 33. Rf1 Bg5 34. Rxf7 Kxf7 35. Kf2 Ke6 36. Bc7 Be7 37. Ke2 Rf8 38. Rc1 Rf3 39. Bb8 h5 40. h4 g5 41. hxg5 Bxg5 42. Bf4 Bxf4 43. gxf4 h4 44. Rf1 Rg3 45. Rh1 Rg2+ 46. Kf1 Ra2 47. Rxh4 Rxa3 48. Kf2 Ra2+ 49. Ke1 Rb2 50. Rh5 a3 51. Ra5 a2 0-1